| 000 | 00658nam a2200253 a 4500 | ||
|---|---|---|---|
| 001 | adlib96000001 | ||
| 003 | ViArRB | ||
| 005 | 200902210153555.7 | ||
| 008 | 960221s1955 dcuabcdjdbkoqu001 0deng d | ||
| 020 | _a | ||
| 022 | _a | ||
| 040 | _aAdlib | ||
| 082 | _a398.2(541.35) | ||
| 245 | _aFolk Tales of Nepal | ||
| 250 | _a | ||
| 260 |
_aNew Delhi _bSterling Publishers (P) Ltd. _c1976 |
||
| 300 |
_a112 p. _c |
||
| 500 | _a | ||
| 100 |
_aSharma, Nagendra _e |
||
| 700 |
_a _a |
||
| 942 | _cBK | ||
| 653 | _aTales of Nepal | ||
| 952 |
_w2010-06-16 _p00013804 _r2010-06-16 _40 _00 _bUL _10 _o398.2(541.35) SHA _d2010-06-16 _70 _yBK _aUL |
||
| 999 |
_c28850 _d28849 |
||